Amsterodam: nepříliš zásadní krok vpřed
Analýza návrhu Amsterdamskej zmluvy týkajúceho sa politiky Európskej únie z 18.6.1997. Obsah oddielov: I. Sloboda, bezpečnosť a spravodlivosť, II. Únia a občan, III. Účinná a súdržná zahraničná politika, IV. Inštitúcie Únie, V. Užšia spolupráca a flexibilita v spolupráci členských štátov.
Guardado en:
| Autor principal: | |
|---|---|
| Formato: | Capítulo de libro |
| Lenguaje: | checo |
| Materias: | |
| Etiquetas: |
Sin Etiquetas, Sea el primero en etiquetar este registro!
|
MARC
| LEADER | 00000naa a2200000 4500 | ||
|---|---|---|---|
| 001 | r028128 | ||
| 005 | 20230927114455.4 | ||
| 041 | 0 | |a cze | |
| 044 | |a CZ | ||
| 245 | 1 | 0 | |a Amsterodam: nepříliš zásadní krok vpřed |c P. Zavadil |
| 520 | |a Analýza návrhu Amsterdamskej zmluvy týkajúceho sa politiky Európskej únie z 18.6.1997. Obsah oddielov: I. Sloboda, bezpečnosť a spravodlivosť, II. Únia a občan, III. Účinná a súdržná zahraničná politika, IV. Inštitúcie Únie, V. Užšia spolupráca a flexibilita v spolupráci členských štátov. | ||
| 610 | 2 | 0 | |a Európska únia |
| 610 | 2 | 0 | |a politika medzinárodná |
| 610 | 2 | 0 | |a integrácia ekonomická medzinárodná |
| 610 | 2 | 0 | |a Amsterdam |
| 610 | 2 | 0 | |a zmluvy medzinárodné |
| 610 | 2 | 0 | |a Amsterdamská zmluva |
| 100 | 1 | |a Zavadil, P. | |